British Cities and Towns over 10,000 people in 1821 - Statistics

General Stats
  • This quiz has been taken 42 times
  • The average score is 57 of 104
Answer Stats
Population County or Irish Province Answer % Correct
147,043 Lanarkshire Glasgow
100%
1,225,694 The Metropolis London
100%
85,416 Warwickshire Birmingham
97%
138,235 Edinburghshire Edinburgh
97%
118,972 Lancashire Liverpool
97%
108,018 Lancashire Manchester
97%
20,787 Yorkshire York
97%
37,277 Ulster Belfast
94%
83,796 Yorkshire Leeds
94%
30,125 Leicestershire Leicester
94%
44,796 Aberdeenshire Aberdeen
92%
87,779 Gloucestershire Bristol
92%
40,415 Nottinghamshire Nottingham
92%
42,157 Yorkshire Sheffield
92%
21,242 Warwickshire Coventry
89%
35,181 Northumberland Newcastle-upon-Tyne
89%
61,212 Devon Plymouth
89%
45,648 Hampshire Portsmouth
89%
13,064 Yorkshire Bradford
86%
23,479 Devon Exeter
86%
17,023 Worcestershire Worcester
86%
100,658 Munster Cork
83%
185,881 Leinster Dublin
83%
30,575 Forfarshire Dundee
83%
13,353 Hampshire Southampton
83%
36,811 Somerset Bath
81%
14,142 Cambridgeshire Cambridge
81%
17,423 Derbyshire Derby
81%
28,591 Yorkshire Kingston upon Hull
81%
30,258 Norfolk Norwich
81%
16,364 Oxfordshire Oxford
81%
24,429 Sussex Brighthelmstone
78%
12,264 Inverness-shire Inverness
78%
17,186 Suffolk Ipswich
78%
19,068 Perthshire Perth
78%
14,016 Essex Colchester
75%
10,327 Kent Dover
75%
10,144 Lancashire Lancaster
75%
12,867 Berkshire Reading
75%
19,949 Cheshire Chester
72%
59,045 Munster Limerick
72%
10,367 Lincolnshire Lincoln
72%
10,255 Glamorgan Swansea
72%
18,380 Staffordshire Wolverhampton
72%
24,575 Lancashire Preston
69%
14,725 County Durham Sunderland
69%
10,793 Northamptonshire Northampton
67%
21,940 Lancashire Blackburn
64%
12,745 Kent Canterbury
64%
15,476 Cumberland Carlisle
61%
27,775 Connaught Galway
58%
19,602 Shropshire Shrewsbury
58%
22,037 Lancashire Great Bolton
56%
13,284 Yorkshire Huddersfield
56%
28,679 Munster Waterford
56%
10,583 Lancashire Bury
53%
25,772 Lancashire Salford
50%
17,716 Lancashire Wigan
50%
21,662 Lancashire Oldham
47%
13,570 Lancashire Warrington
47%
20,575 Renfrewshire Abbey
44%
12,508 Kent Maidstone
44%
26,428 Renfrewshire Paisley
44%
13,902 Yorkshire Saddleworth
44%
13,453 Lancashire Spotland
44%
10,118 Jersey St Hellier
44%
11,052 Dumfriesshire Dumfries
42%
13,681 Fife Dunfermline
42%
18,040 Norfolk Great Yarmouth
42%
12,253 Norfolk King's Lynn
42%
21,726 Cheshire Stockport
42%
10,373 Lincolnshire Boston
39%
23,230 Leinster Kilkenny
39%
13,396 Essex Cheltenham
33%
12,769 Ayrshire Kilmarnock
33%
10,764 Yorkshire Wakefield
33%
18,211 Worcestershire Dudley
31%
11,536 Stirlingshire Falkirk
31%
12,628 Yorkshire Halifax
31%
11,767 County Durham Gateshead
28%
17,746 Cheshire Macclesfield
25%
11,173 Gurnsey St Peter Port
25%
22,088 Renfrewshire Greenock
22%
14,754 Kent Chatham
19%
18,118 Leinster Drogheda
19%
10,709 Worcestershire Kidderminster
19%
12,438 Cumberland Whitehaven
19%
12,411 Somerset Frome-Selwood
14%
20,712 Kent Greenwich
14%
17,404 Glamorgan Merthyr-Tidvil
14%
10,338 Forfarshire Montrose
14%
19,189 Warwickshire Aston
8%
17,008 Kent Woolwich
8%
19,862 Kent Deptford
3%
11,546 Staffordshire Tipton
3%
10,179 Munster Bandon
0%
12,003 Staffordshire Bilston
0%
17,876 Surrey Camberwell
0%
13,200 Munster Clonmel
0%
11,022 Staffordshire Kingswinford
0%
10,449 Yorkshire Sculcoates
0%
17,195 Staffordshire Sedgley
0%
12,648 Leinster St George's
0%
12,829 Lancashire Toxteth Park
0%
No matching quizzes found
Score Distribution
Percent of People with Each Score
Percentile by Number Answered
Your Score History
You have not taken this quiz